Problémy rozvoja manažérskych informačných systémov na Slovensku
Nevyhnutnosťou každého podnikového manažmentu sú dnes manažérske informačné systémy (MIS). Celosvetové zmeny v oblasti podnikania a manažmentu podnikov. Súčasný stav rozvoja manažérskych informačných systémov u nás. Vybrané problémy rozvoja MIS na Slovensku. V poslednom období však došlo na Slovensk...
Na minha lista:
| Autor principal: | |
|---|---|
| Formato: | Capítulo de Livro |
| Idioma: | eslovaco |
| Assuntos: | |
| Tags: |
Sem tags, seja o primeiro a adicionar uma tag!
|
MARC
| LEADER | 00000naa a2200000 4500 | ||
|---|---|---|---|
| 001 | r041604 | ||
| 005 | 20240502071336.4 | ||
| 041 | 0 | |a slo | |
| 044 | |a SK | ||
| 245 | 1 | 0 | |a Problémy rozvoja manažérskych informačných systémov na Slovensku |c Štefan Čarnický |
| 520 | |a Nevyhnutnosťou každého podnikového manažmentu sú dnes manažérske informačné systémy (MIS). Celosvetové zmeny v oblasti podnikania a manažmentu podnikov. Súčasný stav rozvoja manažérskych informačných systémov u nás. Vybrané problémy rozvoja MIS na Slovensku. V poslednom období však došlo na Slovensko v rozvoji MIS podnikov k viacerým pozitívnym zmenám. | ||
| 610 | 2 | 0 | |a systémy informačné |
| 610 | 2 | 0 | |a manažment |
| 610 | 2 | 0 | |a systémy informačné riadiace |
| 610 | 2 | 0 | |a podnikanie |
| 610 | 2 | 0 | |a Slovensko |
| 610 | 2 | 0 | |a riadenie podnikové |
| 100 | 1 | |a Čarnický, Štefan | |